| 000 | 00921cab a2200265 4500 | ||
|---|---|---|---|
| 001 | WB2743-32 | ||
| 008 | 090401t1991 xxu||||| |||| 00| 0 eng d | ||
| 035 | _a(Sirsi) u34177 | ||
| 041 | _aeng | ||
| 245 | _aDefinition of open-market value | ||
| 260 | _c1991 | ||
| 350 | _a0 | ||
| 490 |
_aEstates Times _v(1118) 1 November 1991, 2(1) |
||
| 520 | _aThe RICS has put forward an amendment to the definition of open-market value in the Red Book, which would make clear that valuers should assume that negotiations and legal formalities had been completed before the date of valuation. | ||
| 650 | _aAMENDMENT | ||
| 650 | _aDEFINITION | ||
| 650 | _aOPEN-MARKET VALUE | ||
| 650 | _aRICS APPRAISAL AND VALUATION MANUAL | ||
| 650 | _aRICS STATEMENTS OF ASSET VALUATION AND GUIDANCE NOTES | ||
| 650 | _aRICS | ||
| 650 |
_aValuation _96273 |
||
| 690 | _aRATING AND VALUATION | ||
| 942 | _n0 | ||
| 948 | _c04/03/1997 | ||
| 999 |
_c22673 _d22673 |
||